000 00683aam a2200265 i 4500
001 768714001
003 CO-MdFUSB
005 20251027120238.0
007 ta
008 251027t1892 -us |||| |||| 00| 0 spa d
040 _cCO-MdFUSB
041 0 _aspa
082 0 4 _223
_a252
_bW513s
100 1 _aWesley, Juan (1703-1791)
_eautor
245 1 0 _aSermones
_c/ Juan Wesley
264 0 _bBeacon Hill Press,
_aKansas, Mossouri, USA :
_c[1892]
300 _a438 páginas
336 _atexto
_btxt
_2rdacontent
337 _2rdamedia
_asin mediación
_bn
338 _2rdacarrier
_avolumen
_bnc
563 _aPasta dura
650 7 _aSermones
_9283
942 _cBK
945 _aJTF-925
999 _c38549
_d38549